Формирование гуманитарной среды в техническом университете в процессе реализации Комплексной программы развития; Технический университет: проблемы, опыт, перспективы

Библиографические подробности
Источник:Технический университет: проблемы, опыт, перспективы.— 1994.— C. 7-10
Главный автор: Моисеева А. П. Агнесса Петровна
Язык:русский
Опубликовано: 1994
Серии:Секция Проблемы и опыт создания и развития гуманитарной среды технического университета
Предметы:
Формат: MixedMaterials Статья
Запись в KOHA:https://koha.lib.tpu.ru/cgi-bin/koha/opac-detail.pl?biblionumber=235715

MARC

LEADER 00000naa2a2200000 4500
001 235715
005 20231031204313.0
035 |a (RuTPU)RU\TPU\book\256855 
035 |a RU\TPU\book\256851 
090 |a 235715 
100 |a 20130416d1994 k y0rusy50 ca 
101 0 |a rus 
102 |a RU 
200 1 |a Формирование гуманитарной среды в техническом университете в процессе реализации Комплексной программы развития  |f А. П. Моисеева 
225 1 |a Секция Проблемы и опыт создания и развития гуманитарной среды технического университета 
463 1 |0 (RuTPU)RU\TPU\book\147806  |t Технический университет: проблемы, опыт, перспективы  |l Problems and Practice of Tngineering education  |o проблемные доклады [международной научно-практической конференции, Томск, 1994]  |v C. 7-10  |d 1994  |p 110 с. 
610 1 |a труды учёных ТПУ 
700 1 |a Моисеева  |b А. П.  |c российский ученый, философ  |c профессор Томского политехнического университета, доктор философских наук  |f 1936-  |g Агнесса Петровна  |2 stltpush  |3 (RuTPU)RU\TPU\pers\19840 
801 1 |a RU  |b 63413507  |c 20110912 
801 2 |a RU  |b 63413507  |c 20130416  |g RCR 
942 |c BK